| 000 | 00389 a2200133 4500 | ||
|---|---|---|---|
| 003 | Nust | ||
| 005 | 20170207154424.0 | ||
| 040 | _cNust | ||
| 082 | _a799 | ||
| 245 |
_aVisit Chinese Delegation (Photo Album Vol No. 1, 2001) _cMCS |
||
| 260 |
_aRawalpindi _bMCS _c20-08-2001 |
||
| 650 | _aPictures of Visit Chinese Delegation in MCS,(Photo Album Vol No. 1, 2001,CD-NO-6) | ||
| 651 | _a Sweet Memories-MCS | ||
| 942 | _cBK | ||
| 999 |
_c197517 _d197517 |
||